Enciclopedia Columbus
Saved in:
| Main Author: | |
|---|---|
| Format: | Book |
| Language: | Spanish |
| Published: |
Nueva York
The University Society, Inc.
1930
|
| Edition: | 5a. ed |
| Subjects: | |
| Tags: |
Add Tag
No Tags, Be the first to tag this record!
|
MARC
| LEADER | 00000cam a2200000 a 4500 | ||
|---|---|---|---|
| 001 | UCD4009 | ||
| 003 | CL-VaPUC | ||
| 008 | 160623e19300000us |||||||||||||||||spa|d | ||
| 082 | 0 | 4 | |a 036 |b CAS |2 21 |
| 100 | 0 | |a Castillo, Alberto del |e author |9 587621 | |
| 245 | 1 | 0 | |a Enciclopedia Columbus |
| 250 | |a 5a. ed | ||
| 300 | |a t | ||
| 942 | |c BK | ||
| 945 | |d 20160623 20:48:00 |a dcastane | ||
| 260 | |a Nueva York |b The University Society, Inc. |c 1930 | ||
| 500 | |a t.1: A-B | ||
| 500 | |a t.2: C-D | ||
| 500 | |a t.3: E-K | ||
| 500 | |a t.4: L-R | ||
| 500 | |a t.5: S-Z | ||
| 650 | 0 | |a Enciclopedias |9 264135 | |
| 650 | 0 | |a Diccionarios |9 256200 | |
| 583 | |a last modification |c 20160623 20:48:00 |k Rodrigo Vera | ||
| 999 | |c 364982 |d 364980 | ||
| 952 | |0 0 |1 0 |3 erd |4 0 |6 036_000000000000000_CAS_1930 |7 0 |8 F |9 478641 |a BIBDER |b BIBDER |h t.1 |i 5313821 |o 036 CAS 1930 |p 5313821 |r 2023-01-25 |w 2019-11-24 |y BK_F |z Catalogado en:20160623 |k DER | ||
| 952 | |0 0 |1 0 |3 erd |4 0 |6 036_000000000000000_CAS_1930 |7 0 |8 F |9 478642 |a BIBDER |b BIBDER |h t.2 |i 531383K |o 036 CAS 1930 |p 531383K |r 2023-01-25 |w 2019-11-24 |y BK_F |z Catalogado en:20160623 |k DER | ||
| 952 | |0 0 |1 0 |3 erd |4 0 |6 036_000000000000000_CAS_1930 |7 0 |8 F |9 478643 |a BIBDER |b BIBDER |h t.3 |i 5313848 |o 036 CAS 1930 |p 5313848 |r 2023-01-25 |w 2019-11-24 |y BK_F |z Catalogado en:20160623 |k DER | ||
| 952 | |0 0 |1 0 |3 erd |4 0 |6 036_000000000000000_CAS_1930 |7 0 |8 F |9 478644 |a BIBDER |b BIBDER |h t.4 |i 5313856 |o 036 CAS 1930 |p 5313856 |r 2023-01-25 |w 2019-11-24 |y BK_F |z Catalogado en:20160623 |k DER | ||
| 952 | |0 0 |1 0 |3 erd |4 0 |6 036_000000000000000_CAS_1930 |7 0 |8 F |9 478645 |a BIBDER |b BIBDER |h t.5 |i 5313864 |o 036 CAS 1930 |p 5313864 |r 2023-01-25 |w 2019-11-24 |y BK_F |z Catalogado en:20160623 |k DER | ||